Click the Famous Poets Quiz Stats

 Plays Quiz Updated Aug 23, 2016

Challenge
Share
Tweet
Score 0/20 Timer 05:00
2 Plays Today
% Correct
Maya Angelou
91.9%
Edgar Allan Poe
83.2%
Sylvia Plath
80.7%
Emily Dickinson
73.3%
Dante Alighieri
72.2%
Robert Frost
71.5%
Elizabeth Barrett
Browning
65.7%
Walt Whitman
65.2%
Robert Burns
64.6%
Pablo Neruda
57%
% Correct
Anne Sexton
55.7%
Victor Hugo
52.9%
T. S. Eliot
49.6%
George Gordon Byron
47.3%
Oliver Wendell Holmes
44.1%
John Keats
43.5%
Johann Wolfgang
von Goethe
42.6%
W. B. Yeats
41.3%
Stephen Crane
40%
Ralph Waldo Emerson
32.9%

You're not logged in!

Compare scores with friends on all Sporcle quizzes.
OR
Log In

You Might Also Like...

Show Comments

Extras

Top Quizzes Today


Score Distribution

Your Account Isn't Verified!

In order to create a playlist on Sporcle, you need to verify the email address you used during registration. Go to your Sporcle Settings to finish the process.

Report this User

Report this user for behavior that violates our Community Guidelines.

Details: